Anthropological insights for missionaries. (Record no. 10159)

000 -LEADER
fixed length control field 00704nam a2200217 a 4500
001 - CONTROL NUMBER
control field :::00007944$&:&@@
003 - CONTROL NUMBER IDENTIFIER
control field OkBaRHE
005 - DATE AND TIME OF LATEST TRANSACTION
control field 20000607103340.0
008 - FIXED-LENGTH DATA ELEMENTS--GENERAL INFORMATION
fixed length control field s1988 j 000 0 eng u
020 ## - INTERNATIONAL STANDARD BOOK NUMBER
International Standard Book Number 0801042917 (pbk.)
040 ## - CATALOGING SOURCE
Transcribing agency
100 1# - MAIN ENTRY--PERSONAL NAME
Personal name Hiebert, Paul G., 1932-
245 10 - TITLE STATEMENT
Title Anthropological insights for missionaries.
260 ## - PUBLICATION, DISTRIBUTION, ETC. (IMPRINT)
Place of publication, distribution, etc Grand Rapids, MI., :
Name of publisher, distributor, etc Baker Book House
Date of publication, distribution, etc 1988
300 ## - PHYSICAL DESCRIPTION
Extent 315 p. : illus. ;
Dimensions 23 cm.
650 ## - SUBJECT ADDED ENTRY--TOPICAL TERM
Topical term or geographic name as entry element Christianity and culture
650 ## - SUBJECT ADDED ENTRY--TOPICAL TERM
Topical term or geographic name as entry element Intercultural communication
650 ## - SUBJECT ADDED ENTRY--TOPICAL TERM
Topical term or geographic name as entry element Missions
General subdivision Anthropological aspects
942 ## - ADDED ENTRY ELEMENTS (KOHA)
Source of classification or shelving scheme
Koha item type Books
Copies
Copy number Source of classification or shelving scheme Lost status Barcode Koha item type Shelving location Withdrawn status Not for loan Date acquired Damaged status Date last seen Price effective from Full call number Permanent Location
1  7944BooksGeneral Stacks  2010-04-14 2010-04-142010-04-14BV 2063 .H45RHEMA Bible Training College